Responses for Show #3699 - Thursday, October 5, 2000

2000 Back to School Week game 4.

Contestants

[<< previous game]

Matthew Silski, an 11-year-old from Laurel, Maryland

Heather Peden, a 10-year-old from Tulsa, Oklahoma

Akshai Raj, a 10-year-old from Harleysville, Pennsylvania

[next game >>]

Jeopardy! Round responses

FAMOUS AMERICANS
THEY'RE HOT!
MYTHOLOGY
WHAT'S "UP"?
I'M HUNGRY
SECONDS, PLEASE
    $100 7
Homer Simpson

Matthew
    $100 23
(Alex: We have a minute to go.)

the Spice Girls

Triple Stumper
    $100 1
Cupid

Heather
    $100 2
upside down

Matthew
    $100 3
ice cream

Akshai
    $100 13
at home

Matthew
    $200 8
Tiger Woods

Akshai
    $200 24
(Heather: Who is Bruce Willis?)

Adam Sandler

HeatherMatthew
    $200 4
Zeus

Akshai
    $200 19
(Heather: What is leather?)
(Alex: Leather...upholstery...no, sorry, and I kind of gave it away, didn't I? I forgot the category is WHAT'S UP? & "UP" has to appear in each correct response.)

upholstery

Heather
Triple Stumper
    $200 15
(Alex: I'm not sure I'd eat them either!)

raisins

Triple Stumper
    $200 14
the Declaration of Independence

Akshai
    $300 10
Elvis Presley

Akshai
    $300 25
Roswell

Triple Stumper
    $300 5
Pandora

Akshai
    $300 20
an upset

Triple Stumper
    $300 16
french fries

Akshai
    $1,100 18
the moon

Matthew
    $400 11
Martin Luther King, Jr.

Akshai
    $400 26
S Club 7

Triple Stumper
    $400 6
Mount Olympus

Matthew
    $400 21
upright

Akshai
    $400 17
apple

Matthew
    $400 27
(Alex: We're out of sync right now, let's turn it around, Matthew.)

'N Sync

Triple Stumper
    $500 12
(Alex: I can't believe you're too young to be familiar with it.)

Bruce Springsteen

Triple Stumper
    $500 28
Mariah Carey

Triple Stumper
    $500 9
Medusa

Akshai
    $500 22
to uproot

Matthew
    $500 29
[buzzer sounds to end the round]

tofu

Akshai

Scores at the first commercial break (after clue 15):

Akshai Heather Matthew
$2,200 $100 $700

Scores at the end of the Jeopardy! Round:

Akshai Heather Matthew
$3,400 -$300 $2,900

Double Jeopardy! Round responses

AMERICAN LITERATURE
NEW VIDEO GAMES
AROUND THE WORLD
UNUSUAL PETS
FRACTIONS
(Alex: Yeah, math!)
10, 11 OR 12
(Alex: The correct response will be one of those.)
    $200 5
Tom Sawyer

Matthew
    $200 10
soccer

Akshai
    $200 1
German

Heather
    $200 25
(Alex: Minute to go.)

platypus

Akshai
    $200 19
the denominator

Akshai
    $200 14
12

Matthew
    $400 6
"Moby Dick"

Akshai
    $400 11
James Bond

Akshai
    $400 2
the Netherlands (Holland)

Heather
    $400 26
raccoon

Heather
    $400 20
2/5

Matthew
    $400 15
12

Heather
    $600 7
Washington Irving

Akshai
    $600 12
Pikachu

Heather
    $600 3
(Alex: All right. You know geography. That's good!)

Vancouver

Heather
    $1,300 27
(Heather: What is an eel?)

amphibians

Heather
    $600 21
(Matthew: What is .03?)

.003

AkshaiMatthew
    $600 16
10

Akshai
    $800 8
"Nevermore"

Akshai
    $800 17
M&Ms

Akshai
    $800 4
London

Akshai
    $800 28
armadillo

Akshai
    $800 22
4/3

Triple Stumper
    $800 23
11

Matthew
    $1000 9
the Mohicans

Akshai
    $1000 18
Oddworld

Triple Stumper
    $1,000 13
Peru

Heather
    $1000 29
(Matthew: What is a Komodo dragon?)

iguana

Matthew
Triple Stumper
    $1000 30
1 3/4

Matthew
    $1000 24
10

Matthew

Scores at the end of the Double Jeopardy! Round:

Akshai Heather Matthew
$10,800 $2,000 $4,900
(lock game)

[wagering suggestions for these scores]

Final Jeopardy! Round responses

INVENTIONS
HeatherWhat is ?
$2,000
MatthewWhat is a velocirapt-or?
$4,800
AkshaiWhat is a bicycle
$900
bicycle

Final scores:

Akshai Heather Matthew
$11,700 $0 $100
Winner: $5,000 minimum + trip for 4 to Universal Studios, Orlando + $5,000 bonus if week's high scorer 3rd place: MyPoints.com gift certificate & trip for 4 to Universal Studios, Orlando 2nd place: MyPoints.com gift certificate & trip for 4 to Universal Studios, Orlando

Game dynamics:

Coryat scores:

Akshai Heather Matthew
$10,800 $3,300 $4,100
24 R,
0 W
8 R
(including 1 DD),
3 W
(including 1 DD)
14 R
(including 1 DD),
2 W

Combined Coryat: $18,200

[game clues] [game scores] [suggest correction]

Game tape date: 2000-08-08
The J! Archive is created by fans, for fans. Scraping, republication, monetization, and malicious use prohibited; this site may use cookies and collect identifying information. See terms. The Jeopardy! game show and all elements thereof, including but not limited to copyright and trademark thereto, are the property of Jeopardy Productions, Inc. and are protected under law. This website is not affiliated with, sponsored by, or operated by Jeopardy Productions, Inc. Join the discussion at JBoard.tv.